The great appeal. (Record no. 12682)

000 -LEADER
fixed length control field 00552nam a2200181 a 4500
001 - CONTROL NUMBER
control field :::00010496$&:&@@
003 - CONTROL NUMBER IDENTIFIER
control field OkBaRHE
005 - DATE AND TIME OF LATEST TRANSACTION
control field 20000607103359.0
008 - FIXED-LENGTH DATA ELEMENTS--GENERAL INFORMATION
fixed length control field s1899 j 000 0 eng u
040 ## - CATALOGING SOURCE
Transcribing agency
100 1# - MAIN ENTRY--PERSONAL NAME
Personal name McClure, James G. K.
245 14 - TITLE STATEMENT
Title The great appeal.
260 ## - PUBLICATION, DISTRIBUTION, ETC. (IMPRINT)
Place of publication, distribution, etc Chicago, IL., :
Name of publisher, distributor, etc Bible Institute Colportage Association
Date of publication, distribution, etc c1899
300 ## - PHYSICAL DESCRIPTION
Extent 131 p. ;
Dimensions 18 cm.
650 ## - SUBJECT ADDED ENTRY--TOPICAL TERM
Topical term or geographic name as entry element Christian Life
942 ## - ADDED ENTRY ELEMENTS (KOHA)
Source of classification or shelving scheme
Koha item type Books
Copies
Permanent Location Koha item type Not for loan Shelving location Date acquired Barcode Price effective from Lost status Date last seen Source of classification or shelving scheme Withdrawn status Copy number Full call number Damaged status
RHEMA Bible Training CollegeBooks General Stacks2010-04-14104962010-04-14 2010-04-14  1BV 4501 .M3322